University of the Built Environment / College of Estate Management (Record no. 120142)
[ view plain ]
| 000 -LEADER | |
|---|---|
| fixed length control field | 00790cam a2200217 4500 |
| 001 - CONTROL NUMBER | |
| control field | WS119193 |
| 005 - DATE AND TIME OF LATEST TRANSACTION | |
| control field | 20251218105840.0 |
| 008 - FIXED-LENGTH DATA ELEMENTS--GENERAL INFORMATION | |
| fixed length control field | 020805s2025 000 0 eng eng d |
| 035 ## - SYSTEM CONTROL NUMBER | |
| System control number | (Sirsi) u119193 |
| 110 ## - MAIN ENTRY--CORPORATE NAME | |
| Corporate name or jurisdiction name as entry element | College of Estate Management |
| 9 (RLIN) | 400 |
| 245 ## - TITLE STATEMENT | |
| Title | University of the Built Environment / College of Estate Management |
| 520 ## - SUMMARY, ETC. | |
| Summary, etc. | Web site for this university / college. In June 2025 changed name to University of the Built Environment. |
| 650 ## - SUBJECT ADDED ENTRY--TOPICAL TERM | |
| Topical term or geographic name entry element | ACADEMIC |
| 650 ## - SUBJECT ADDED ENTRY--TOPICAL TERM | |
| Topical term or geographic name entry element | RESEARCH |
| 650 ## - SUBJECT ADDED ENTRY--TOPICAL TERM | |
| Topical term or geographic name entry element | CPD |
| 650 ## - SUBJECT ADDED ENTRY--TOPICAL TERM | |
| Topical term or geographic name entry element | Valuation |
| 9 (RLIN) | 6273 |
| 690 ## - LOCAL SUBJECT ADDED ENTRY--TOPICAL TERM (OCLC, RLIN) | |
| Topical term or geographic name as entry element | MANAGEMENT-BUSINESS MANAGEMENT-PROFESSIONAL PRACTICE |
| 856 40 - ELECTRONIC LOCATION AND ACCESS | |
| Uniform Resource Identifier | <a href="https://www.cem.ac.uk">https://www.cem.ac.uk</a> |
| Public note | Old URL for use with web archive |
| 856 40 - ELECTRONIC LOCATION AND ACCESS | |
| Uniform Resource Identifier | <a href="https://www.ube.ac.uk/">https://www.ube.ac.uk/</a> |
| Public note | University of the Built Environment |
| 942 ## - ADDED ENTRY ELEMENTS (KOHA) | |
| Suppress in OPAC | 0 |
| Source of classification or shelving scheme | Dewey Decimal Classification |
| Withdrawn status | Lost status | Source of classification or shelving scheme | Damaged status | Not for loan | Home library | Current library | Shelving location | Date acquired | Total Checkouts | Full call number | Barcode | Date last seen | Copy number | Price effective from | Koha item type |
|---|---|---|---|---|---|---|---|---|---|---|---|---|---|---|---|
| Dewey Decimal Classification | Virtual | Virtual | Online | 05/08/2002 | WEB SITE | 119193-2001 | 06/08/2019 | 1 | 06/08/2019 | Online material |